00687nam a2200217Ia 4500003000900000008004100009040001300050040001300063041000800076100001700084245007000101250001200171260002100183260000900204300001100213300001000224490000600234942000700240999001700247952020500264IT-RoPAU120407s9999 xx 000 0 und d aIT-RoPAU cIT-RoPAU aita aAndrea Gemma aSorella nostra e Madre di Dio. Il magistero mariano di Paolo VI.  aCatania aEdizioni Paoline c1971 a289 p. c18 cm v1 cBK c31581d31581 00102ddc406243_100000000000000_82771aPAULUSbPAULUSd2012-04-11l0o243.1.827r2012-04-11 00:00:00w2012-04-11yBKzInserito da: Anna In data: 12 settembre 2011 fondo: Via A.Severo 56 Progr:33138